| 000 | 02688cam a22004574i 4500 | ||
|---|---|---|---|
| 003 | PE-LiUPU | ||
| 005 | 20250731172902.0 | ||
| 008 | 150706s r 000 0 d | ||
| 020 | _a080104863X | ||
| 020 | _a9780801048630 | ||
| 035 | _a(Sirsi) a165998 | ||
| 040 |
_aPE-LiUPU _bspa _cPE-LiUPU _erda |
||
| 049 | _aPRUA | ||
| 082 | 0 | 4 |
_a220.601 _bK73 _223 |
| 100 | 1 |
_aKolb, Robert, _d1941-, _eautor. |
|
| 245 | 0 | 4 |
_aMartin Luther and the enduring Word of God : _bthe Wittenberg School and its Scripture- centered proclamation / _cRobert Kolb. |
| 264 | 1 |
_aGrand Rapids, MI : _bBaker Academic, _c2016. |
|
| 300 |
_aviii, 517 páginas ; _c24 centímetros. |
||
| 336 |
_atext _2rdacontent |
||
| 337 |
_aunmediated _2rdamedia |
||
| 338 |
_avolume _2rdacarrier |
||
| 505 | 0 | _aIntroduction: God's Word endures forever : the Wittenberg School of Exegesis -- The Bible in the world of Luther's childhood and youth -- In the beginning God said : Luther's understanding of the Word of God -- Nowhere more present than in Scripture : Luther's perception of what the Bible is -- Rightly dividing the word of truth : Luther's hermeneutical framework -- Search the scriptures : Luther as professor -- Faith comes by hearing : Luther the preacher -- Teaching all nations : Luther as translator -- Instruction in sound teaching : the Wittenberg curriculum, the Wittenberg commentary, the Wittenberg colleagues -- Searching the scriptures the Wittenberg way : sixteenth-century tools for study of the Bible -- Biographical interlude : the later Wittenberg commentators -- Formulas for speaking circumspectly and avoiding offense : hermeneutics for exegesis and preaching among Luther's students -- Rightly dividing the word of truth : the late Reformation Wittenberg commentaries -- In season, out of season : the forms and methods of late Reformation preaching in the Wittenberg circle -- With a firm grasp of the Word : the message of late Reformation proclamation -- The enduring Word of God : concluding reflection. | |
| 526 | _aSEG42 | ||
| 526 | _aSEG41 | ||
| 526 | _aSEG40 | ||
| 526 | _aSEG39 | ||
| 526 | _aP94 | ||
| 526 | _aP87 | ||
| 526 | _aP86 | ||
| 526 | _aP85 | ||
| 526 | _aP77 | ||
| 526 | _aP76 | ||
| 526 | _aP35 | ||
| 650 | 0 | 4 |
_aHermenéutica _xAspectos religiosos _xIglesia Luterana. |
| 650 | 0 | 4 |
_aIglesia Luterana _xDoctrinas. |
| 942 |
_2ddc _cBOOK |
||
| 994 |
_aC0 _bPEPRU |
||
| 596 | _a1 | ||
| 999 |
_a220.601 K73 _wLC _c14734 _i75214 _f2021-11-9 _g5 _lCCODEBUL1 _mBUL _p49.99 _r0 _sY _tBOOK _u2017-1-11 _xTEOLOGIA _PP85 _0COMPRA _o.STAFF. Colección Teología _d14734 |
||
| 980 |
_81 _gALBERTO SANCHEZ Responsable de Automatización |
||